Normal view
MARC view
Entry Personal Name
001 - CONTROL NUMBER
- control field: 1671
003 - CONTROL NUMBER IDENTIFIER
- control field: HDC
005 - DATE AND TIME OF LATEST TRANSACTION
- control field: 20230624073117.0
008 - FIXED-LENGTH DATA ELEMENTS
- fixed length control field: 201226|| aca||aabn | a|a d
040 ## - CATALOGING SOURCE
- Original cataloging agency: HDC
- Transcribing agency: HDC
100 ## - HEADING--PERSONAL NAME
- Personal name: Magfiroh
670 ## - SOURCE DATA FOUND
- Source citation: Work cat.: (HDC): Magfiroh, author, PENGARUH FAKTOR PERSONAL, FAKTOR SOSIAL, FAKTOR INFORMASI DAN SIKAP TERHADAP NIAT (INTENSI) MEMBELI MAKANAN BERLABEL HALAL LPPOM-MUI PADA MAHASISWA NON MUSLIM DI UNY /, 2015
